00382nam a2200133Ia 4500008004100000041000800041082001300049100002200062245006000084260006400144300001200208365001100220650001700231210719s1996 xx 000 0 und d aeng a267 RAJM aRAJ (J Felix), Ed amemories of a movement: Aicuf in West Bengal 1948-1996. aCalcutta.bAll India Catholic University Federation.,c1996 a130bPB b50cRs aChristianity